LIBRARY & INFORMATION CENTRE, KCAET, TAVANUR

ONLINE PUBLIC ACCESS CATALOGUE (OPAC)

Uplift in gravity dams : calculation methods, experiments and design theories / (Record no. 3335)

MARC details
000 -LEADER
fixed length control field 00415cam a2200145ua 4500
003 - CONTROL NUMBER IDENTIFIER
control field OSt
008 - FIXED-LENGTH DATA ELEMENTS--GENERAL INFORMATION
fixed length control field 250820b |||||||| |||| 00| 0 eng d
041 ## - LANGUAGE CODE
Language code of text/sound track or separate title eng
082 ## - DEWEY DECIMAL CLASSIFICATION NUMBER
Classification number 627.8
Item number LEL/UP
100 ## - MAIN ENTRY--AUTHOR NAME
Personal name Leliavsky, Serge .
245 ## - TITLE STATEMENT
Title Uplift in gravity dams : calculation methods, experiments and design theories /
260 ## - PUBLICATION, DISTRIBUTION, ETC. (IMPRINT)
Place of publication London :
Name of publisher Constablw & Company Ltd ,
Year of publication 1958.
300 ## - PHYSICAL DESCRIPTION
Number of Pages 267 ; .
942 ## - ADDED ENTRY ELEMENTS (KOHA)
Koha item type Books
Holdings
Withdrawn status Lost status Damaged status Home library Current library Date acquired Full call number Accession Number Koha item type
      KAUAET KAUAET 07/04/2012 627.8 LEL/UP 3475 Books
free website counter